Un monstruo en el armario / (Registro nro. 12117)

Detalles MARC
000 -LEADER
fixed length control field 00931nam a22003017a 4500
003 - CONTROL NUMBER IDENTIFIER
control field DO-SdBNP
005 - DATE AND TIME OF LATEST TRANSACTION
control field 20180216142809.0
008 - FIXED-LENGTH DATA ELEMENTS--GENERAL INFORMATION
fixed length control field 151027b 2003 sp ||||| |||| 00| 0 spa d
020 ## - INTERNATIONAL STANDARD BOOK NUMBER
International Standard Book Number 8434833679
020 ## - INTERNATIONAL STANDARD BOOK NUMBER
International Standard Book Number 9788434833678
040 ## - CATALOGING SOURCE
Original cataloging agency BPMSU
Language of cataloging spa
Transcribing agency BPMSU
082 ## - DEWEY DECIMAL CLASSIFICATION NUMBER
Classification number 863.6
Item number V393u 2003
100 1# - MAIN ENTRY--PERSONAL NAME
Personal name Vázquez-Vigo, Carmen,
Dates associated with a name 1923-.
245 ## - TITLE STATEMENT
Title Un monstruo en el armario /
Remainder of title Carmen Vázquez-Vigo
250 ## - EDITION STATEMENT
Edition statement 23a. ed.
260 ## - PUBLICATION, DISTRIBUTION, ETC. (IMPRINT)
Place of publication, distribution, etc. Madrid :
Name of publisher, distributor, etc. SM,
Date of publication, distribution, etc. 2003
300 ## - PHYSICAL DESCRIPTION
Extent 105 p. :
Other physical details il. ;
Size of unit 20 cm
490 1# - SERIES STATEMENT
Series statement El barco de vapor
Volume/sequential designation 68
500 ## - GENERAL NOTE
General note A partir de 9 años
586 ## - AWARDS NOTE
Awards note Premio Lazarillo 1973.
586 ## - AWARDS NOTE
Awards note Premio Nacional de Literatura infantil y Juvenil 1992.
650 ## - SUBJECT ADDED ENTRY--TOPICAL TERM
Topical term or geographic name as entry element CUENTOS INFANTILES ESPAÑOLES
650 ## - SUBJECT ADDED ENTRY--TOPICAL TERM
Topical term or geographic name as entry element LITERATURA INFANTIL ESPAÑOLA
830 #0 - SERIES ADDED ENTRY--UNIFORM TITLE
Uniform title El barco de vapor
Volume number/sequential designation 68
942 ## - ADDED ENTRY ELEMENTS (KOHA)
Source of classification or shelving scheme Dewey Decimal Classification
Koha item type Libros
945 ## - LOCAL PROCESSING INFORMATION (OCLC)
a Inventariado, 2018 /LP
956 ## - LOCAL ELECTRONIC LOCATION AND ACCESS (OCLC)
Host name VMATEO
Access number 10
Compression information 20161128
Path BPMSU
Electronic name 0069
Existencias
Withdrawn status Lost status Source of classification or shelving scheme Damaged status Not for loan Collection code Home library Current library Date acquired Source of acquisition Total Checkouts Full call number Barcode Date last seen Price effective from Koha item type
    Dewey Decimal Classification     Colección Infantil General Biblioteca Pública Metropolitana Salomé Ureña Biblioteca Pública Metropolitana Salomé Ureña 11/28/2016 Fundación Educativa y Cultural (FUNDI)   863.6 V393u 2003 BPMSU18020167 11/28/2016 11/28/2016 Libros